000 01051cam a2200205 4500
001 ABS65512
008 020611n2002 000 0 eng u
035 _a(Sirsi) u118364
100 _aDean, R
245 _aReasons for relocation
260 _c2002
490 _aFacilities Management
_v9(8) May 2002, 14-15(2)
520 _aTakes a look at why companies relocate and what facilities managers should think about when considering a change of office. Facilities managers need to consider a number of key market drivers in deciding whether to move or not; in some cases, it may be more appropriate for a company to reconfigure and refurbish its present buildings. Key market drivers include business, customer, society, people and process drivers; the article looks at how the building affects and is affected by these. Provides tips for preparing for a move.
590 _aABS
650 _aRELOCATION
650 _aPROPERTY-COMMERCIAL PROPERTY
650 _aFACILITIES MANAGERS
690 _aMANAGEMENT-FACILITIES MANAGEMENT
942 _n0
999 _c70455
_d70455